| 000 | 01095nam0a22002891 4500 | ||
|---|---|---|---|
| 001 | RU\NLR\INFOCOMM_195\5000064563 | ||
| 005 | 20250613095324.0 | ||
| 035 | _a(NLR Aleph) 009292848 | ||
| 090 |
_a9230849 _c9230849 |
||
| 100 | _a20101005d1969 |||y0rusy50 ca | ||
| 101 | 0 | _aeng | |
| 102 | _aRU | ||
| 105 | _aa ||||000|y | ||
| 200 | 1 |
_aModelling in epidemiology _fV. V. Yermakov and L. A. Rvatchev _gUSSR Min. of publ. health. World health organization. Central inst. for advanced med. training. International courses on epidemiology and control of communicable diseases |
|
| 210 |
_aΜ. _d1969 |
||
| 215 |
_a[2], 30 с. _cкарт., граф. _d19 см |
||
| 309 | _aОтпечат. множит. аппаратом | ||
| 686 |
_aМе3к[Р19я13] _2rubbk |
||
| 700 | 1 |
_9z01790 _aErmakov _bV. V. _gVladimir Viktorovič _4070 |
|
| 701 | 1 |
_9z02790 _aRvačev _bL. A. _gLeonid Alekseevič _4070 |
|
| 790 | 1 |
_9z01700 _aYermakov _bV. V. _4070 |
|
| 790 | 1 |
_9z02701 _aRvatchev _bL. A. _4070 |
|
| 801 | 1 |
_aRU _bNLR _c20101005 |
|
| 801 | 0 |
_aRU _bNLR _gPSBO |
|
| 852 |
_aNLR _jМд97 Д-4/243 |
||
| 942 | _cBOOK | ||
| 980 | _aNB | ||